000 00300nam a22001217a 4500
082 _a823
_bPEL/A
100 _aPELLOUSKI, MICHAEL J
245 _aARCHIE - THE TROUBLE WITH CANDY
260 _aUNITED STATES
_bARCHIE COMICS
_c1991
300 _a121
650 _aENGLISH STORY
_zUNITED STATES
942 _cBK
999 _c7338
_d7338